Flag origins - Statistics

General Stats
  • This quiz has been taken 19 times
  • The average score is 4 of 8
Answer Stats
How country got flag Country % Correct
3 flags combined when 3 countries came together United Kingdom
82%
50 states and 13 colonies United States
82%
Four classes in one communist republic China
71%
liberty, equality, brotherhood, democracy, secularism, and modernization. France
59%
nobility, frankness, faithfulness, honesty, impeccability, chastity, courage, generosity and love. Russia
35%
freedom, faith, purity, and love. Italy
18%
blue sky opening up to reveal white cloud. Argentina
12%
hope, prosperity, peace, tranquility, neutrality. cultural heritage of the nation Canada
12%
No matching quizzes found
Score Distribution
Percent of People with Each Score
Percentile by Number Answered
Your Score History
You have not taken this quiz